Statistics for psychology using R (Record no. 144590)
[ view plain ]
| 000 -LEADER | |
|---|---|
| fixed length control field | 00591nam a22001817a 4500 |
| 005 - DATE AND TIME OF LATEST TRANSACTION | |
| control field | 20170914122837.0 |
| 010 ## - LCCN (DPL NO) | |
| LC control number | 1718EN-30 |
| 020 ## - INTERNATIONAL STANDARD BOOK NUMBER | |
| International Standard Book Number | 9789385985003 |
| Terms of availability | 475.00 |
| 037 ## - SOURCE OF ACQUISITION | |
| Source of stock number/acquisition | Aakar |
| Stock number | dpl |
| 100 ## - MAIN ENTRY--PERSONAL NAME | |
| Personal name | Belhekar, Vivek M. |
| 245 ## - TITLE STATEMENT | |
| Title | Statistics for psychology using R |
| Statement of responsibility, etc | by Vivek M.Belhekar |
| 260 ## - PUBLICATION, DISTRIBUTION, ETC. (IMPRINT) | |
| Place of publication, distribution, etc | New Delhi |
| Name of publisher, distributor, etc | SAGE Publications |
| Date of publication, distribution, etc | 2016 |
| 270 ## - ADDRESS | |
| Address | B1/1-1Mohan Cooperative Industrial Area,Mathura Road |
| City | New Delhi |
| Postal code | 110044 |
| 300 ## - PHYSICAL DESCRIPTION | |
| Extent | xiv,378p, |
| Dimensions | 23cm (pbk) |
| 500 ## - GENERAL NOTE | |
| General note | Includes appendix and index |
| 942 ## - ADDED ENTRY ELEMENTS (KOHA) | |
| Source of classification or shelving scheme | Dewey Decimal Classification |
| Item type | English Books |
| Call number suffix | BEL |
No items available.
